000 00277nam a22001217a 4500
008 260417b ||||| |||| 00| 0 eng d
041 _aeng - alb
080 _a821.1
100 _a20
101 _aNgjarje
245 _aSelia e Shejtë dhe Kriza në Kosovë
942 _2udc
_cBK
999 _c60979
_d60979